Les Pokémon offert - Statistiques

Statistiques générales
  • Ce quiz a été pris 68 fois
  • Le résultat moyen est 90 sur 168
Statistiques - réponses
Hint Réponse % Correct
Carapuce
93%
Salamèche
91%
Pokémon Rouge/Bleu/Jaune Bulbizarre
89%
Evoli
87%
Pokémon Or/Argent/Cristal Germignon
83%
Héricendre
83%
Kaïminus
83%
Ouisticram
83%
Poussifeu
83%
Pokémon Rubis/Saphir/Emeraude Arcko
81%
Gobou
81%
Tiplouf
81%
Pikachu
78%
Pokémon Diamant/Perle/Platine Tortipouss
78%
Pokémon Noir 2/ Blanc 2 | Pokémon Noir/Blanc Vipélierre
74%
Gruikui
70%
Moustillon
70%
Togepi
67%
Pokémon Rouge Feu/ Vert Feuille | Pokémon Rubis Omega/ Saphir Alpha | Pokémon XD Togépi
67%
Flamiaou
65%
Grenousse
65%
Lokhlass
63%
Pokémon Soleil/Lune Brindibou
61%
Feunnec
61%
Pokémon Epée/Bouclier Ouistempo
61%
Flambino
59%
Larméléon
59%
Magicarpe
59%
Pokémon X/Y Marisson
59%
Otaquin
59%
Porygon
59%
Ptéra
57%
Amonita
56%
Kabuto
54%
Minidraco
54%
Mélo
52%
Terhal
50%
Kicklee
48%
Tygnon
48%
Riolu
46%
Toudoudou
46%
Débugant
44%
Elekid
43%
Kranidos
43%
Magby
43%
Anorith
41%
Lilia
41%
Lippouti
41%
Okéoké
41%
Pichu
41%
Zorua
41%
Dinoclier
37%
Arkéapti
35%
Carapagos
35%
Caratroc
35%
Morphéo
35%
Type:0
35%
Griknot
33%
Ptyranidur
33%
Amagara
31%
Miaouss
31%
Piafabec
31%
Pokémon HeartGold/Soulsilver Wattouat
31%
Feuillajou
30%
Flamajou
30%
Flotajou
30%
Hydragon
30%
Axoloto
28%
Galvagla
28%
Galvagon
28%
Hydragla
28%
Limagma
26%
Lucario
26%
Toxizap
24%
Pyronille
22%
Vémini
20%
Pokémon Colosseum Posipi
19%
Ramoloss
17%
Raichu
15%
Sabelette
15%
Wushours
15%
Goupix
13%
Ossatueur
13%
Camérupt
11%
Persian
11%
Sharpedo
11%
Taupiqueur
11%
Tentacool
11%
Zygarde
11%
Arcanin
9%
Noadkoko
9%
Vivaldaim
6%
Ptitravi
0%
Aucun quiz correspondant
Distribution des résultats
% des personnes avec chaque résultat
Percentile par nombre de réponses
Votre historique - résultats
Vous n’avez pas pris ce quiz